01007cas a22003017a 450000500170000000800410001701000100005801100100006802200140007803500100009224500970010226000660019930000070026531000220027236200200029450000570031465000450037186600230041686600270043986600350046686600220050186600350052386600270055886600220058586600350060786600280064286600350067020220817043748.0010305c fr br pernn 0 0b1fre d a83707 a84679 a0151-0517 a9520400aBulletin de la Société Entomologique de Francec/par Société Entomologique de France0 aParis, France :bSociété Entomologique de France,c1872?- av. a5 núm. por vol.1 av.100 n.5, 1995 aSe dejó de recibir a partir del v.100 n.5 de 1995.14aEntomologiaxPublicaciones periódicas. av.69 n.5-10 (1964) av.70 n.1-4,7-10 (1965) av.71 n.1-v.76 n.10 (1966-1971) av.77 n.1-6 (1972) av.78 n.1-v.87 n.10 (1973-1982) av.88 n.1-6,9-10 (1983) av.89 n.1-8 (1984) av.90 n.1-v.91 n.12 (1985-1986) av.94 n.1-10 (1989-1990) av.96 n.1-v.100 n.5 (1991-1995)